[Event "Indore op 2nd"]
[Site "Indore"]
[Date "2024.01.10"]
[Round "3"]
[White "Teterev, Vitaly"]
[Black "Glek, Igor Vladimirovich"]
[Result "1/2-1/2"]
[WhiteElo "2288"]
[BlackElo "2423"]
[PlyCount "71"]
[EventDate "2024.01.09"]
[EventType "swiss"]
[EventRounds "10"]
[EventCountry "IND"]
[SourceTitle "CB03_2024"]
[SourceDate "2024.01.17"]
[SourceVersion "1"]
[SourceVersionDate "2024.01.17"]
[SourceQuality "1"]

1. e4 c5 2. Nf3 e6 3. g3 d5 4. exd5 exd5 5. d4 Nc6 6. Bg2 Bg4 7. 0-0 cxd4 8. h3 Bxf3 9. Qxf3 Nf6 10. Bg5 Be7 11. Nd2 0-0 12. Bxf6 Bxf6 13. Qxd5 Rc8 14. Qb3 Na5 15. Qd3 b5 16. a4 b4 17. Rad1 g6 18. Be4 Re8 19. h4 Re5 20. Qf3 Qe7 21. Bd3 Re8 22. Qf4 Re6 23. b3 Bg7 24. Nc4 Nxc4 25. Bxc4 Re4 26. Qd2 Qc5 27. Rde1 a5 28. Rxe4 Rxe4 29. Bd3 Re5 30. Qf4 h5 31. Bc4 Re7 32. Qb8+ Kh7 33. Qb5 Qc7 34. Qd5 Bf6 35. Rd1 Kg7 36. Kg2 1/2-1/2

[Event "Chennai op 14th"]
[Site "Chennai"]
[Date "2024.01.01"]
[Round "3"]
[White "Glek, Igor Vladimirovich"]
[Black "Khairmode, Dhanashree"]
[Result "1-0"]
[WhiteElo "2429"]
[BlackElo "1849"]
[PlyCount "53"]
[EventDate "2023.12.31"]
[EventType "swiss"]
[EventRounds "10"]
[EventCountry "IND"]
[SourceTitle "CB02_2024"]
[SourceDate "2024.01.10"]
[SourceVersion "1"]
[SourceVersionDate "2024.01.10"]
[SourceQuality "1"]

1. e4 e5 2. Nf3 Nf6 3. d3 Nc6 4. g3 d5 5. exd5 Nxd5 6. Bg2 Bg4 7. h3 Bh5 8. 0-0 Bd6 9. Nbd2 0-0 10. c3 h6 11. Re1 a5 12. Qb3 Nb6 13. a4 Bg6 14. Ne4 Be7 15. Be3 Qxd3 16. Nc5 Qc4 17. Qb5 Na7 18. Qxa5 Nac8 19. Qxa8 Nxa8 20. Nxe5 Qxc5 21. Bxc5 Bxc5 22. Nd7 Ba7 23. Nxf8 Kxf8 24. Bxb7 Nab6 25. a5 Nc4 26. Bxc8 Nxb2 27. Ba6 1-0

[Event "Madurai Athens of the East op 3rd"]
[Site "Madurai"]
[Date "2023.12.27"]
[Round "7"]
[White "Glek, Igor Vladimirovich"]
[Black "Vivaan, Vishal Shah"]
[Result "1/2-1/2"]
[WhiteElo "2429"]
[BlackElo "1774"]
[PlyCount "67"]
[EventDate "2023.12.23"]
[EventType "swiss"]
[EventRounds "10"]
[EventCountry "IND"]
[SourceTitle "CB06_2024"]
[SourceDate "2024.02.07"]
[SourceVersion "1"]
[SourceVersionDate "2024.02.07"]
[SourceQuality "1"]

1. e4 c5 2. Nc3 g6 3. h4 h5 4. d4 cxd4 5. Qxd4 Nf6 6. Bg5 Nc6 7. Qd2 Bg7 8. f3 d6 9. Bc4 Bd7 10. Nge2 0-0 11. Bh6 Ne5 12. Bb3 Rc8 13. Bxg7 Kxg7 14. Nf4 b5 15. Ncd5 e6 16. Ne3 Qb6 17. 0-0-0 a5 18. a3 b4 19. a4 Rc6 20. Kb1 Bc8 21. Nd3 Ba6 22. Nxe5 dxe5 23. g4 Rh8 24. Rhe1 Rcc8 25. Qd6 Qxd6 26. Rxd6 hxg4 27. Rxa6 gxf3 28. Rxa5 f2 29. Rf1 Nxe4 30. Ka2 Rxh4 31. Rxe5 Rf4 32. Ng2 Rg4 33. Ne3 Rf4 34. Ng2 1/2-1/2

[Event "Madurai Athens of the East op 3rd"]
[Site "Madurai"]
[Date "2023.12.24"]
[Round "2"]
[White "Sivathanujan, S."]
[Black "Glek, Igor Vladimirovich"]
[Result "0-1"]
[WhiteElo "1813"]
[BlackElo "2429"]
[PlyCount "66"]
[EventDate "2023.12.23"]
[EventType "swiss"]
[EventRounds "10"]
[EventCountry "IND"]
[SourceTitle "CB06_2024"]
[SourceDate "2024.02.07"]
[SourceVersion "1"]
[SourceVersionDate "2024.02.07"]
[SourceQuality "1"]

1. e4 c5 2. Nf3 e6 3. c3 d5 4. exd5 exd5 5. d4 a6 6. Be3 cxd4 7. Nxd4 Nf6 8. Be2 Bd6 9. 0-0 0-0 10. Nd2 Re8 11. a4 Nc6 12. N2f3 Qc7 13. h3 Na5 14. Nd2 Bd7 15. Re1 h6 16. Bd3 Nc4 17. Nxc4 dxc4 18. Bf5 Re5 19. Qf3 Rae8 20. Red1 Nd5 21. Bxh6 gxh6 22. Qg4+ Kf8 23. Bxd7 Nf6 24. Qh4 Nxd7 25. Qxh6+ Kg8 26. f4 Rd5 27. Re1 Qd8 28. f5 Rde5 29. Rf1 Qf6 30. Qh5 Re4 31. Nf3 Qg7 32. Nd4 Qg3 33. Qf3 Qh2+ 0-1

[Event "EU-chT 24th"]
[Site "Budva"]
[Date "2023.11.13"]
[Round "3.15"]
[White "Druska, Juraj"]
[Black "Glek, Igor Vladimirovich"]
[Result "1/2-1/2"]
[WhiteElo "2472"]
[BlackElo "2435"]
[PlyCount "51"]
[EventDate "2023.11.11"]
[EventType "team-swiss"]
[EventRounds "9"]
[EventCountry "MNE"]
[SourceTitle "CB47_2023"]
[SourceDate "2023.11.22"]
[SourceVersion "1"]
[SourceVersionDate "2023.11.22"]
[SourceQuality "1"]
[WhiteTeam "Slovakia"]
[BlackTeam "Belgium"]
[WhiteTeamCountry "SVK"]
[BlackTeamCountry "BEL"]

1. d4 d5 2. c4 dxc4 3. Nf3 a6 4. e3 Bg4 5. Bxc4 e6 6. h3 Bh5 7. Qb3 Bxf3 8. gxf3 b5 9. Be2 c5 10. a4 b4 11. dxc5 Bxc5 12. Rg1 Ne7 13. Qc4 Nd7 14. Nd2 Nf5 15. Nb3 Be7 16. Bd2 0-0 17. Rd1 Qb8 18. Na5 Qh2 19. Qg4 Ne5 20. Qg2 Qxg2 21. Rxg2 Nh4 22. Rg3 Nf5 23. Rg1 Nh4 24. Rg3 Nf5 25. Rg1 Nh4 26. Rg3 1/2-1/2

[Event "EU-chT 24th"]
[Site "Budva"]
[Date "2023.11.11"]
[Round "1.11"]
[White "Bartel, Mateusz"]
[Black "Glek, Igor Vladimirovich"]
[Result "1-0"]
[WhiteElo "2651"]
[BlackElo "2435"]
[PlyCount "103"]
[EventDate "2023.11.11"]
[EventType "team-swiss"]
[EventRounds "9"]
[EventCountry "MNE"]
[SourceTitle "CB47_2023"]
[SourceDate "2023.11.22"]
[SourceVersion "1"]
[SourceVersionDate "2023.11.22"]
[SourceQuality "1"]
[WhiteTeam "Poland"]
[BlackTeam "Belgium"]
[WhiteTeamCountry "POL"]
[BlackTeamCountry "BEL"]

1. d4 f5 2. Bg5 g6 3. Nc3 Bg7 4. Nf3 h6 5. Bd2 e6 6. e4 Ne7 7. exf5 exf5 8. h4 d5 9. Bf4 a6 10. Qe2 0-0 11. 0-0-0 Nbc6 12. g3 Bd7 13. Bg2 Be8 14. Ne5 Nxe5 15. dxe5 c6 16. Qe3 Kh7 17. Na4 Qa5 18. b3 b5 19. Qc5 Qd8 20. Nb2 Nc8 21. Nd3 Rf7 22. e6 Rb7 23. Rhe1 a5 24. Be5 b4 25. Bxg7 Rxg7 26. Qd4 Nd6 27. Qe5 Raa7 28. Nf4 a4 29. Bxd5 cxd5 30. Nxd5 axb3 31. axb3 Kh8 32. Nxb4 Qb6 33. Nd5 Qc5 34. Nf6 Qa3+ 35. Qb2 Qb4 36. Nxe8 Nxe8 37. Re3 Kh7 38. Rd7 Qb6 39. h5 gxh5 40. Qe5 Ra5 41. Rd5 Rxd5 42. Qxd5 Qa6 43. Qxf5+ Kg8 44. Qxh5 Nf6 45. Qe5 Qf1+ 46. Kb2 Qxf2 47. Rd3 Re7 48. Rd4 Ne8 49. Rf4 Qa7 50. Rf8+ Kh7 51. Qh8+ Kg6 52. Rxe8 1-0

[Event "Quenza op 12th"]
[Site "Quenza"]
[Date "2023.07.23"]
[Round "5"]
[White "Van Wely, Loek"]
[Black "Glek, Igor Vladimirovich"]
[Result "1-0"]
[WhiteElo "2644"]
[BlackElo "2410"]
[PlyCount "119"]
[EventDate "2023.07.23"]
[EventType "swiss"]
[EventRounds "9"]
[EventCountry "FRA"]
[SourceTitle "CBM 215 Extra"]
[Source "ChessBase"]
[SourceDate "2023.09.30"]
[SourceVersion "1"]
[SourceVersionDate "2023.09.30"]
[SourceQuality "1"]

1. d4 f5 2. Nf3 Nf6 3. Bf4 d6 4. h3 g6 5. e3 Bg7 6. Be2 0-0 7. 0-0 Ne4 8. Nbd2 Nxd2 9. Qxd2 e6 10. c4 h6 11. Rac1 Nc6 12. d5 Ne5 13. Nd4 Qe7 14. Bh2 Bd7 15. Rfd1 Rad8 16. Qa5 b6 17. Qa3 a5 18. dxe6 Be8 19. f4 Nc6 20. Bf3 Nb4 21. Qb3 c5 22. Nb5 Qxe6 23. Nc7 Qe7 24. Nd5 Nxd5 25. Bxd5+ Bf7 26. Bg3 Bxd5 27. Rxd5 Rfe8 28. Bf2 Qc7 29. Rcd1 Re6 30. R1d3 Rde8 31. a4 Bf8 32. g4 fxg4 33. hxg4 Re4 34. Kg2 Qc8 35. Kf3 h5 36. Rg5 hxg4+ 37. Rxg4 Qf5 38. Rd5 R4e5 39. Qd3 Rxd5 40. Qxd5+ Qxd5+ 41. cxd5 Kf7 42. e4 b5 43. axb5 Rb8 44. e5 Rxb5 45. e6+ Kf6 46. Bh4+ Kf5 47. Rg5+ Kf6 48. Rg1+ Kf5 49. Rg5+ Kf6 50. Re5+ g5 51. Bxg5+ Kg6 52. e7 Bxe7 53. Rxe7 Rxb2 54. Re6+ Kf7 55. Rxd6 a4 56. Rf6+ Ke8 57. Ra6 Rb3+ 58. Ke4 a3 59. Ra7 c4 60. d6 1-0

[Event "BEL-chT 2223"]
[Site "Belgium"]
[Date "2023.02.12"]
[Round "7.3"]
[White "Glek, Igor Vladimirovich"]
[Black "Leenhouts, Koen"]
[Result "1/2-1/2"]
[WhiteElo "2448"]
[BlackElo "2435"]
[PlyCount "53"]
[EventDate "2022.09.25"]
[EventType "team-tourn"]
[EventRounds "11"]
[EventCountry "BEL"]
[SourceTitle "CBM 213 Extra"]
[Source "ChessBase"]
[SourceDate "2023.05.31"]
[SourceVersion "1"]
[SourceVersionDate "2023.05.31"]
[SourceQuality "1"]
[WhiteTeam "Eupen Rochade"]
[BlackTeam "KBSK Brugge"]
[WhiteTeamCountry "BEL"]
[BlackTeamCountry "BEL"]

1. e4 c5 2. Nf3 e6 3. c3 Nf6 4. e5 Nd5 5. g3 Nc6 6. Bg2 d6 7. exd6 Bxd6 8. 0-0 0-0 9. d4 cxd4 10. Nxd4 Nxd4 11. Qxd4 Qc7 12. Nd2 Bd7 13. Ne4 Be5 14. Qd3 Bc6 15. Re1 Nf6 16. Bg5 Bxe4 17. Bxe4 h6 18. Bxf6 Bxf6 19. Qf3 Rad8 20. Rad1 b6 21. h4 Rxd1 22. Rxd1 Rd8 23. h5 Kf8 24. Kg2 Ke7 25. Rxd8 Qxd8 26. Qe2 a5 27. Qa6 1/2-1/2